000 004470000a22001810004500
003 MACL
005 20160129114922.0
008 160129b xxu||||| |||| 00| 0 eng d
040 _aMACL
_cMACL
041 _aEnglish
082 _a541/SHA
100 _aShahi, Ranjeet
_935200
245 _aEssential Physical Chemistry
260 _bArihant Prakashan,Meerut
_aMeerut
350 _a575
650 _aChemistry
_935209
942 _cBK
_k541/SHA
_2ddc
999 _c44731
_d44731